000 01640nam a2200325 c 4500
999 _c164813
_d164813
003 BLK
005 20240927115120.0
008 180410b bul|||||r ||||||| ||bul||
010 _aKNG00172360000
040 _aBLK
041 _aBUL
_cBUL
080 _aБългарска литература
_b821.163.2
_x(081)
_z821.163.2(081)
080 _aБългарска литература
_b821.163.2
_x-32
_z821.163.2-32
100 _aЧудомир
_d1890 - 1967
_qЧорбаджийски, Димитър Христов
_9251385
139 _aЧудомир
245 1 0 _aСъчинения
_bВ 3 т.
_cЧудомир; подб. и ред. Петър Станев Пондев; подб. и ред. Серафим Северняк.
_nТ. 1
_pРазкази и фейлетони
257 _aBGR
260 _aСофия
_bБълг. писател
_c1969 -
300 _c21 см
380 _aX
500 _aИстинското име на авт. е Димитър Христов Чорбаджийски
700 _aПондев, Петър Станев
_9367591
700 _aСеверняк, Серафим
_cпсевд.
_gБълг. писател, журналист, редактор, драматург
_d1930 - 1988
_qСерафимов, Серафим Николов
_9374151
760 1 _aЧудомир
_dСофия, 1969
_h528 с. : 1 л. портр., 8 л. репрод.
_oТ. 1 Разкази и фейлетони
_tСъчинения
852 _aЦб 50567
_bЦб
942 _cKNG
_n0
_s1
944 _aCR
_c28.02.2015
_k30560
_lГеновева Генчева
944 _aED
_c2022-06-21
_kСТ
999 _d164813